000 00506nam a2200181Ia 4500
005 20250326123858.0
008 250326s9999 xx 000 0 und d
037 _aTextbook
040 _aFMSL
_beng
_cFMSL
041 _aeng
_2eng
084 _aS8 K6
_qFMSL
100 _aHutt M L
245 0 _aPsychology: science of interpersonal behavior
_cHutt M L; Isaacson R L And Others
260 _aNY
_bNY, Harper & Row
_c1966
300 _a430p
942 _cTB
_hS8 K6
999 _c1271317
_d1271317